Wireless power transfer

Detalles Bibliográficos
Autor Corporativo: Cambridge University Press
Formato: Electrónico Revista
Lenguaje:inglés
Publicado: [Cambridge] : Cambridge University Press, ©2014-
Materias:
Acceso en línea:Full text available from Research Library: 03/01/2014 to 1 year ago

MARC

LEADER 00000nas a2200000 i 4500
001 ssj0001670806
003 WaSeSS
005 20200512172242.0
006 m d
007 cr n
008 140811c20149999enkfr pss 0 a0eng c
010 |a  2015252125 
015 |a GBB443542  |2 bnb 
016 7 |a 016419816  |2 Uk 
022 |a 2052-8418  |l 2052-8418 
035 |a (WaSeSS)ssj0001670806 
040 |a Nz  |b eng  |c UV0  |d OCLCF  |d TXA  |d WAU  |d COO  |d DLC  |d NLE  |d AU@  |d UKMGB  |d OCLCQ  |d WaSeSS 
042 |a pcc 
050 0 0 |a TJ163.13 
222 0 |a Wireless power transfer 
245 0 0 |a Wireless power transfer  |h [electronic resource]. 
246 1 |a WPT 
260 |a [Cambridge] :  |b Cambridge University Press,  |c ©2014- 
310 |a Semiannual 
362 1 |a Began with: Volume 1, issue 1 (March 2014). 
506 |a License restrictions may limit access. 
588 |a Description based on: Volume 1, issue 1 (March 2014); title from title screen (Cambridge Journals Web site, viewed August 12, 2014). 
588 |a Latest issue consulted: Volume 4, issue 2 (September 2017) (Cambridge Journals Online, viewed December 04, 2017). 
650 0 |a Power resources  |v Periodicals. 
650 7 |a Power resources.  |2 fast  |0 (OCoLC)fst01074275 
655 0 |a Electronic journals. 
710 2 |a Cambridge University Press. 
850 |a DLC 
856 4 0 |z Full text available from Research Library: 03/01/2014 to 1 year ago  |u https://search.proquest.com/publication/2035958